000 00670nam a22001697a 4500
003 NUST
082 _a621.382,MUZ
100 _aMuzaffar, Fawad
_9132919
245 _aIRIS Based Attendance Management System /
_cFawad Muzaffar, M. Akash Arshad and M. Abrar Nasir (BETE-54 / TCC-29)
260 _aRawalpindi
_bMCS (NUsT)
_cJuly, 2021
300 _a42 p.;
505 _aIntroduction (Page-1), Literature Review (Page-9), Implementation (Page-13), Results and Discussion (Page-30), Conclusion (Page-41), References (Page-42).
650 _aUG Project
_9131132
651 _a(BETE-54 / TCC-29)
_9132912
700 _aSupervised by Dr. M. Imran
_9132920
942 _2ddc
_cPR
999 _c615944
_d615944